[Event "FIDE World Bl Team Pool B"]
[Site "London ENG"]
[Date "2025.06.14"]
[Round "11.3"]
[White "Czopor, Maciej"]
[Black "Sefton, Adam"]
[Result "1-0"]
[WhiteTitle "IM"]
[WhiteElo "2423"]
[BlackElo "2047"]
[WhiteTeam "Wood Green"]
[BlackTeam "UK Chess Challenge Masters"]
[WhiteFideId "21805431"]
[BlackFideId "343400965"]
[EventDate "2025.06.14"]
[EventType "team"]

1. c4 Nf6 2. Nc3 e5 3. g3 Nc6 4. Bg2 Bc5 5. Nf3 d6 6. O-O O-O 7. a3 a5 8. e3 Bg4
9. h3 Bh5 10. g4 Bg6 11. d4 Ba7 12. dxe5 dxe5 13. Qb3 Qc8 14. Nd5 Nd7 15. Qc3
Re8 16. Nh4 a4 17. Nxg6 hxg6 18. Bd2 Nc5 19. Rad1 e4 20. Qc2 Ne5 21. Bc3 Ned3
22. Bd4 c6 23. Nc3 f5 24. f3 exf3 25. Bxf3 Ne5 26. gxf5 gxf5 27. Bg2 g6 28. e4
fxe4 29. Nxe4 Nxe4 30. Qxe4 Qe6 31. Bxa7 Rxa7 32. c5 Ra5 33. Rd6 Qe7 34. Qd4 Rb5
35. Rf2 b6 36. cxb6 Rxb6 37. Rxg6+ Nxg6 38. Qxb6 Qe1+ 39. Rf1 Qe6 40. Qxc6 Qxc6
41. Bxc6 Rb8 42. Rf2 Ne5 43. Bxa4 Nd3 44. Rg2+ Kf8 45. b4 Rc8 46. Bb5 Rc1+ 47.
Kh2 Ne5 48. Rf2+ Ke7 49. a4 Rb1 50. Rf4 Ng6 51. Rd4 Ne5 52. Kg3 Rb3+ 53. Kf4
Ng6+ 54. Kf5 Nf8 55. a5 Rxh3 56. Bc6 Rh5+ 57. Ke4 Rh4+ 58. Kd5 Rh5+ 59. Kc4 Ne6
60. Rd7+ Kf6 61. a6 Rh4+ 62. Kc3 Rh3+ 63. Rd3 Rh7 64. b5 Nc5 65. Re3 Na4+ 66.
Kb4 Nb6 67. Kc5 Nc8 68. b6 Rh5+ 69. Bd5 Ne7 70. Re6+ Kf7 71. Re5+ Nxd5 72. Rxh5 1-0

[Event "FIDE World Bl Team Pool B"]
[Site "London ENG"]
[Date "2025.06.14"]
[Round "11.4"]
[White "Longson, Sarah N"]
[Black "Wadsworth, Matthew J"]
[Result "0-1"]
[WhiteTitle "WFM"]
[BlackTitle "IM"]
[WhiteElo "1941"]
[BlackElo "2481"]
[WhiteTeam "UK Chess Challenge Masters"]
[BlackTeam "Wood Green"]
[WhiteFideId "2501465"]
[BlackFideId "415804"]
[EventDate "2025.06.14"]
[EventType "team"]

1. e4 c6 2. d4 d5 3. exd5 cxd5 4. Bd3 Nc6 5. c3 Nf6 6. Bf4 Bg4 7. Qb3 Qd7 8. Nd2
e6 9. Ngf3 Bd6 10. Bxd6 Qxd6 11. O-O O-O 12. Rfe1 Bxf3 13. Nxf3 Qc7 14. Qc2 g6
15. Qe2 Kg7 16. Ne5 Nxe5 17. dxe5 Nd7 18. h4 h5 19. Rad1 a6 20. Bb1 b5 21. Rd3
Qc4 22. Qf3 Qxh4 23. Rd4 Qg5 24. Qe2 Rac8 25. f4 Qe7 26. f5 exf5 27. Rxd5 Rc5
28. Red1 Rxd5 29. Rxd5 Re8 30. e6 fxe6 31. Rd3 Nf6 32. Qd1 e5 33. Rd6 e4 34. Qd4
e3 35. Kf1 e2+ 36. Ke1 Qe5 37. Qa7+ Kh6 38. Qf2 Ng4 0-1

[Event "FIDE World Bl Team Pool B"]
[Site "London ENG"]
[Date "2025.06.14"]
[Round "11.5"]
[White "Orlovska, Madara"]
[Black "Vaidyanathan, Adithya"]
[Result "0-1"]
[WhiteElo "2059"]
[BlackElo "2111"]
[WhiteTeam "Wood Green"]
[BlackTeam "UK Chess Challenge Masters"]
[WhiteFideId "11601825"]
[BlackFideId "495450"]
[EventDate "2025.06.14"]
[EventType "team"]

1. d4 d5 2. Nc3 Nf6 3. Bf4 g6 4. Qd2 Bg7 5. f3 O-O 6. Bh6 c5 7. Bxg7 Kxg7 8. e3
Nc6 9. h4 h5 10. O-O-O Qa5 11. Kb1 a6 12. Nge2 b5 13. Nf4 cxd4 14. exd4 b4 15.
Nce2 e5 16. dxe5 Nxe5 17. Nd4 Nc4 18. Bxc4 dxc4 19. Nc6 Qc5 20. Nxb4 Rb8 21. c3
a5 22. Nc2 Bf5 23. Ka1 Rb6 24. Nd4 Rfb8 25. Nxf5+ Qxf5 26. Rb1 a4 27. a3 Qc5 28.
Qd4 Qc6 29. Ne2 Re8 30. Nf4 Rb5 31. Rhd1 Rbe5 32. g4 hxg4 33. fxg4 Nxg4 34. Re1
Qf6 35. Rf1 Re4 36. Qxf6+ Nxf6 37. Ng2 Rg4 38. Ne3 Rxe3 39. Rbd1 Rxh4 40. Rd8
Rhe4 41. Kb1 Re1+ 42. Rxe1 Rxe1+ 43. Kc2 Re2+ 44. Kc1 g5 45. Rc8 Re4 46. Ra8 g4
47. Rxa4 g3 48. b3 cxb3 49. Rxe4 Nxe4 50. Kb2 0-1

[Event "FIDE World Bl Team Pool B"]
[Site "London ENG"]
[Date "2025.06.14"]
[Round "11.6"]
[White "Veselow, Zoe"]
[Black "Barwick, Carmel"]
[Result "1-0"]
[WhiteElo "1761"]
[BlackElo "1915"]
[WhiteTeam "UK Chess Challenge Masters"]
[BlackTeam "Wood Green"]
[WhiteFideId "497657"]
[BlackFideId "442925"]
[EventDate "2025.06.14"]
[EventType "team"]

1. e4 c5 2. Nf3 e6 3. d4 cxd4 4. Nxd4 Nf6 5. Nc3 Nc6 6. Ndb5 Bc5 7. Nd6+ Ke7 8.
Nxc8+ Rxc8 9. g3 h5 10. Bg2 h4 11. gxh4 Rxh4 12. Bg5 Rh8 13. f4 d6 14. Qe2 Qb6
15. O-O-O Be3+ 16. Kb1 Bd4 17. Qd3 Kf8 18. Na4 Qb4 19. c3 Qxa4 20. cxd4 Nb4 21.
Qb3 Qa5 22. Rc1 Rd8 23. e5 dxe5 24. dxe5 Nfd5 25. Bxd8 Qxd8 26. Bxd5 Nxd5 27.
Rc4 g6 28. Rhc1 Kg7 29. Qxb7 Nxf4 30. Rxf4 Qd3+ 31. Ka1 Rf8 32. Rcf1 Qd4 33.
Rxd4 1-0

[Event "FIDE World Bl Team Pool B"]
[Site "London ENG"]
[Date "2025.06.14"]
[Round "12.1"]
[White "Sevian, Samuel"]
[Black "Ghasi, Ameet K"]
[Result "1-0"]
[WhiteTitle "GM"]
[BlackTitle "GM"]
[WhiteElo "2687"]
[BlackElo "2513"]
[WhiteTeam "Freedom"]
[BlackTeam "Sharks 4NCL"]
[WhiteFideId "2040506"]
[BlackFideId "409200"]
[EventDate "2025.06.14"]
[EventType "team"]

1. d4 Nf6 2. c4 g6 3. Nc3 Bg7 4. e4 d6 5. Be2 O-O 6. Be3 Na6 7. h3 e5 8. d5 Nc5
9. Qc2 a5 10. Nf3 Nh5 11. g3 f5 12. Bxc5 dxc5 13. O-O-O Nf6 14. Nd2 Qe7 15. Rde1
f4 16. g4 Ne8 17. Nf3 h6 18. Reg1 Nd6 19. h4 Bd7 20. a4 Kf7 21. Kb1 Ke8 22. Bf1
Kd8 23. b3 Ra6 24. Bh3 Kc8 25. g5 h5 26. Bxd7+ Qxd7 27. Ka2 Kb8 28. Ne1 b6 29.
Nd3 Kb7 30. Qd1 Raa8 31. Qf3 Ra7 32. Rg2 Raa8 33. Rc1 Ra7 34. Ne2 Raa8 35. Ng1
Qe7 36. Qh3 Rae8 37. Re1 Qd8 38. Nf3 Qc8 39. Qh1 Qd7 40. Qf1 Qe7 41. Rg1 Qd7 42.
Re2 Qd8 43. Qa1 Qe7 44. Qc3 Bh8 45. Rb1 Kc8 46. Nxc5 bxc5 47. Qxa5 Kd8 48. Qxc5
Nc8 49. Qa5 Qd7 50. c5 Ke7 51. Qa6 Kf7 52. Rc1 Kg7 53. Rd2 Qg4 54. Rc3 Rf7 55.
d6 cxd6 56. cxd6 Qd7 57. Rc7 Qd8 58. Rxf7+ Kxf7 59. d7 Rf8 60. dxc8=Q Qxc8 61.
Qxc8 Rxc8 62. a5 Rc3 63. Ne1 Bg7 64. Rc2 Rh3 65. a6 1-0

[Event "FIDE World Bl Team Pool B"]
[Site "London ENG"]
[Date "2025.06.14"]
[Round "12.2"]
[White "Rendle, Thomas E"]
[Black "Le, Quang Liem"]
[Result "0-1"]
[WhiteTitle "IM"]
[BlackTitle "GM"]
[WhiteElo "2370"]
[BlackElo "2729"]
[WhiteTeam "Sharks 4NCL"]
[BlackTeam "Freedom"]
[WhiteFideId "408760"]
[BlackFideId "12401137"]
[EventDate "2025.06.14"]
[EventType "team"]

1. d4 Nf6 2. c4 e6 3. g3 d5 4. Bg2 Bb4+ 5. Nd2 O-O 6. Nf3 b6 7. O-O Bb7 8. a3
Be7 9. cxd5 exd5 10. b4 c6 11. Bb2 a5 12. Qb3 Nbd7 13. Ne5 Re8 14. Rfc1 Nxe5 15.
dxe5 Nd7 16. e4 Bf8 17. exd5 cxd5 18. Nf3 axb4 19. axb4 Rxa1 20. Rxa1 d4 21.
Bxd4 Bxf3 22. Bxf3 Nxe5 23. Bd5 Qc7 24. Kg2 Rd8 25. Bxe5 Qxe5 26. Bxf7+ Kh8 27.
Qe6 Qxa1 0-1

[Event "FIDE World Bl Team Pool B"]
[Site "London ENG"]
[Date "2025.06.14"]
[Round "12.3"]
[White "Sarana, Alexey"]
[Black "Roberson, Peter T"]
[Result "1-0"]
[WhiteTitle "GM"]
[BlackTitle "IM"]
[WhiteElo "2686"]
[BlackElo "2433"]
[WhiteTeam "Freedom"]
[BlackTeam "Sharks 4NCL"]
[WhiteFideId "24133795"]
[BlackFideId "412384"]
[EventDate "2025.06.14"]
[EventType "team"]

1. d4 e6 2. c4 Nf6 3. Nc3 Bb4 4. e3 O-O 5. Bd3 c5 6. Ne2 cxd4 7. exd4 d5 8. c5
b6 9. a3 Bxc3+ 10. Nxc3 bxc5 11. dxc5 a5 12. O-O Ba6 13. Bf4 Nc6 14. Bd6 Re8 15.
Rb1 Bxd3 16. Qxd3 a4 17. Qb5 Nd4 18. Qb4 Nc6 19. Qb5 Nd4 20. Qd3 Nf5 21. Bf4 Qa5
22. Nb5 Rac8 23. Rfc1 Ne4 24. Nd6 Nfxd6 25. cxd6 Rxc1+ 26. Rxc1 Qb6 27. Qe3 Qxe3
28. fxe3 Rd8 29. d7 Kf8 30. Rc7 Ke7 31. Ra7 Rxd7 32. Rxa4 f6 33. Bb8 e5 34. Rb4
Nc5 35. Kf1 d4 36. exd4 exd4 37. Ke2 Ke6 38. Rb5 d3+ 39. Kd1 Ne4 40. Bg3 f5 41.
a4 g5 42. Rb6+ Ke7 43. Rh6 f4 44. Rxh7+ Ke6 45. Rxd7 Kxd7 46. Be1 g4 47. a5 Kc6
48. h4 gxh3 49. gxh3 f3 50. h4 Kb5 51. h5 f2 52. Bxf2 Nxf2+ 53. Kd2 Kc4 54. h6
Ne4+ 55. Kc1 d2+ 56. Kc2 Kd4 57. h7 Ke3 58. h8=Q Ke2 59. Qh2+ 1-0

[Event "FIDE World Bl Team Pool B"]
[Site "London ENG"]
[Date "2025.06.14"]
[Round "12.4"]
[White "Purton, Ben J"]
[Black "Martirosyan, Haik M."]
[Result "0-1"]
[WhiteTitle "FM"]
[BlackTitle "GM"]
[WhiteElo "2173"]
[BlackElo "2635"]
[WhiteTeam "Sharks 4NCL"]
[BlackTeam "Freedom"]
[WhiteFideId "411132"]
[BlackFideId "13306553"]
[EventDate "2025.06.14"]
[EventType "team"]

1. e4 e5 2. Nf3 Nc6 3. d4 exd4 4. Nxd4 Bb4+ 5. c3 Be7 6. g3 d6 7. Bg2 Bd7 8. O-O
Nf6 9. Na3 O-O 10. h3 Re8 11. Nac2 Bf8 12. Re1 h6 13. f4 g6 14. Nxc6 Bxc6 15.
Nd4 Bxe4 16. Bxe4 Nxe4 17. Qf3 d5 18. f5 c5 19. fxg6 fxg6 20. Ne2 Qf6 21. Qxf6
Nxf6 22. Bd2 g5 23. g4 Bd6 24. Kg2 Ne4 25. Be3 Re6 26. Ng1 Rae8 27. Nf3 Nxc3 28.
Bxc5 Re2+ 29. Rxe2 Rxe2+ 30. Kf1 Bxc5 0-1

[Event "FIDE World Bl Team Pool B"]
[Site "London ENG"]
[Date "2025.06.14"]
[Round "12.5"]
[White "Injac, Teodora"]
[Black "Hryshchenko, Kamila"]
[Result "1-0"]
[WhiteTitle "IM"]
[BlackTitle "WFM"]
[WhiteElo "2457"]
[BlackElo "2097"]
[WhiteTeam "Freedom"]
[BlackTeam "Sharks 4NCL"]
[WhiteFideId "932400"]
[BlackFideId "14147491"]
[EventDate "2025.06.14"]
[EventType "team"]

1. Nf3 d6 2. d4 Nd7 3. c4 e5 4. Nc3 c6 5. e4 g6 6. Be2 Bg7 7. O-O Nh6 8. h3 O-O
9. d5 c5 10. Bd2 f5 11. Ng5 Nf6 12. exf5 Nxf5 13. f4 Ng3 14. Rf3 Nfh5 15. fxe5
Bxe5 16. Be3 Nf5 17. Bd2 Nd4 18. Rxf8+ Qxf8 19. Bxh5 gxh5 20. Qxh5 h6 21. Qg6+
Qg7 22. Qe8+ Qf8 23. Qxf8+ Kxf8 24. Rf1+ Kg7 25. Nge4 Bd7 26. Bf4 Bxf4 27. Rxf4
Nf5 28. g4 Ne3 29. Nxd6 Rd8 30. Kf2 Nc2 31. Ke2 Bxg4+ 32. Rxg4+ Kf6 33. Nde4+
Ke5 34. Kd3 Nd4 35. Nxc5 Nf3 36. Re4+ Kf5 37. Ne6 Re8 38. Rf4+ Ke5 39. Rxf3 1-0

[Event "FIDE World Bl Team Pool B"]
[Site "London ENG"]
[Date "2025.06.14"]
[Round "12.6"]
[White "Morea, Georgiana-Steluta"]
[Black "Mani, Sarbartho"]
[Result "0-1"]
[WhiteElo "1920"]
[BlackElo "1847"]
[WhiteTeam "Sharks 4NCL"]
[BlackTeam "Freedom"]
[WhiteFideId "1204319"]
[BlackFideId "366112022"]
[EventDate "2025.06.14"]
[EventType "team"]

1. c4 e5 2. Nc3 Nf6 3. g3 Be7 4. Bg2 O-O 5. d3 c6 6. e4 d6 7. Nge2 Be6 8. O-O d5
9. cxd5 cxd5 10. d4 Nc6 11. dxe5 Nxe4 12. Nxe4 dxe4 13. Bxe4 Nxe5 14. Nf4 Qxd1
15. Rxd1 Bg4 16. Rd5 Nc6 17. Be3 a6 18. h3 Bc8 19. Rad1 Re8 20. Bg2 Kf8 21. a3
g6 22. Kh2 Bf5 23. g4 Bc8 24. Ne2 Be6 25. R5d2 Red8 26. Rxd8+ Rxd8 27. Rc1 Bd5
28. Nf4 Bxg2 29. Kxg2 Bf6 30. Rc2 Bd4 31. Bxd4 Rxd4 32. Ne2 Rd7 33. Nf4 Ke7 34.
Re2+ Kd8 35. b4 Nd4 36. Re3 Nb5 37. Nd3 Re7 38. Ne5 f6 39. Rd3+ Kc7 40. Nc4 Rd7
41. Re3 Na7 42. a4 Nc8 43. b5 axb5 44. axb5 Rd5 45. Rc3 Rc5 46. Rc2 Nd6 47. b6+
Kd7 48. Na3 Rxc2 49. Nxc2 Nc4 50. Kf3 Nxb6 51. Ke4 Nc8 52. Kd5 b6 53. Nb4 Ne7+
54. Kc4 Kd6 55. Kb5 Nd5 56. Nd3 Kc7 57. h4 Nc3+ 58. Kc4 Ne4 59. f3 Nd2+ 60. Kd5
Nxf3 61. h5 gxh5 62. gxh5 Kd7 63. Ke4 Ne5 64. Nf4 b5 65. Nd5 Ke6 66. Nc7+ Kf7
67. Nxb5 Nd7 68. Kf5 Nc5 69. Nd6+ Ke7 70. Nc4 Ne6 71. Ne3 Ng7+ 72. Kg4 Ke6 73.
Ng2 Ke5 74. Nh4 h6 75. Ng6+ Ke4 76. Ne7 f5+ 77. Kh4 f4 78. Nc6 f3 79. Kg3 Nxh5+
80. Kf2 Nf4 81. Ne7 h5 82. Kg3 h4+ 83. Kh2 f2 0-1

[Event "FIDE World Bl Team Pool B"]
[Site "London ENG"]
[Date "2025.06.14"]
[Round "12.1"]
[White "Rakotomaharo, Fy Antenaina"]
[Black "Harvey, Marcus R"]
[Result "1/2-1/2"]
[WhiteTitle "IM"]
[BlackTitle "IM"]
[WhiteElo "2441"]
[BlackElo "2445"]
[WhiteTeam "Mother Continent"]
[BlackTeam "Wood Green"]
[WhiteFideId "13100050"]
[BlackFideId "400092"]
[EventDate "2025.06.14"]
[EventType "team"]

1. e4 c6 2. Nf3 d5 3. d3 dxe4 4. dxe4 Qxd1+ 5. Kxd1 Nf6 6. Nbd2 g6 7. Ne5 Bg7 8.
Nd3 O-O 9. f3 Rd8 10. c3 Na6 11. Kc2 Ne8 12. Nc4 f5 13. e5 Nec7 14. Bg5 Nd5 15.
Re1 h6 16. Bc1 Be6 17. Na5 Rd7 18. Nb3 Rdd8 19. Ndc5 Nxc5 20. Nxc5 Bc8 21. f4 b6
22. Nb3 c5 23. Be2 Be6 24. Bf3 Rac8 25. Rd1 a5 26. Bd2 a4 27. Nc1 b5 28. Kb1 b4
29. c4 Nb6 30. b3 axb3 31. axb3 g5 32. g3 g4 33. Bg2 Bf8 34. Be3 Rxd1 35. Rxd1
Bf7 36. Bb7 Rb8 37. Ba6 e6 38. Nd3 Ra8 39. Bb5 Rc8 40. Ba6 Rc7 41. Kc2 Nd7 42.
Bb5 Be8 43. Ra1 Kf7 44. Ra8 Rb7 45. Nxc5 Bxc5 46. Bxc5 Nxc5 47. Bxe8+ Ke7 48.
Bc6 Rc7 49. Bb5 Ne4 50. Rh8 Rc5 51. Rh7+ Kf8 52. Rxh6 Kf7 53. Rh7+ Kf8 54. Bd7
Ra5 55. Bxe6 Ra2+ 56. Kc1 Nc3 57. Bxf5 Re2 58. e6 Na2+ 59. Kd1 Nc3+ 60. Kc1 Na2+
61. Kd1 Nc3+ 62. Kc1 1/2-1/2

[Event "FIDE World Bl Team Pool B"]
[Site "London ENG"]
[Date "2025.06.14"]
[Round "12.2"]
[White "Willow, Jonah B"]
[Black "Mhango, Banele"]
[Result "1-0"]
[WhiteTitle "IM"]
[BlackTitle "FM"]
[WhiteElo "2470"]
[BlackElo "2236"]
[WhiteTeam "Wood Green"]
[BlackTeam "Mother Continent"]
[WhiteFideId "438804"]
[BlackFideId "14327040"]
[EventDate "2025.06.14"]
[EventType "team"]

1. e4 c5 2. Nf3 d6 3. d4 cxd4 4. Nxd4 Nf6 5. Nc3 a6 6. Bd3 e5 7. Nde2 Qc7 8. O-O
Be7 9. Ng3 g6 10. Bh6 Be6 11. h3 Nbd7 12. a4 Rc8 13. Qe2 Bf8 14. Bxf8 Kxf8 15.
Kh1 Kg7 16. f4 exf4 17. Rxf4 Ne5 18. Raf1 Nfd7 19. Nf5+ Bxf5 20. exf5 Rhe8 21.
Qf2 Qc5 22. Qh4 d5 23. f6+ Kg8 24. Qg5 Nxd3 25. cxd3 Re5 26. Qg3 Rh5 27. Rh4
Rxh4 28. Qxh4 Rc6 29. Qg5 Nb6 30. Re1 Rc8 31. Re7 Qd6 32. a5 Nd7 33. Qxd5 Qxd5
34. Nxd5 Rc1+ 35. Kh2 Nf8 36. Re8 h5 37. Ne7+ Kh7 38. Rxf8 1-0

[Event "FIDE World Bl Team Pool B"]
[Site "London ENG"]
[Date "2025.06.14"]
[Round "12.3"]
[White "George Samir, David"]
[Black "Czopor, Maciej"]
[Result "1-0"]
[WhiteTitle "FM"]
[BlackTitle "IM"]
[WhiteElo "2356"]
[BlackElo "2423"]
[WhiteTeam "Mother Continent"]
[BlackTeam "Wood Green"]
[WhiteFideId "10657789"]
[BlackFideId "21805431"]
[EventDate "2025.06.14"]
[EventType "team"]

1. d4 Nf6 2. Nc3 d5 3. Bf4 e6 4. Nb5 Bb4+ 5. c3 Ba5 6. a4 a6 7. Na3 c5 8. dxc5
Nc6 9. b4 Nxb4 10. cxb4 Bxb4+ 11. Bd2 Bxd2+ 12. Qxd2 Ne4 13. Qd4 Qa5+ 14. Kd1
Bd7 15. Nc2 Bxa4 16. f3 Bxc2+ 17. Kxc2 Qxc5+ 18. Qxc5 Nxc5 19. e3 Kd7 20. Kb2
Rhc8 21. Nh3 b5 22. Nf4 Na4+ 23. Kb3 Rc3+ 24. Kb4 Rxe3 25. Nd3 Kc6 26. Kb3 Kb6
27. Kc2 Rc8+ 28. Kd2 d4 29. Rb1 Nc5 30. Rb4 e5 1-0

[Event "FIDE World Bl Team Pool B"]
[Site "London ENG"]
[Date "2025.06.14"]
[Round "12.4"]
[White "Wadsworth, Matthew J"]
[Black "Wanyama, Harold"]
[Result "1-0"]
[WhiteTitle "IM"]
[BlackTitle "FM"]
[WhiteElo "2481"]
[BlackElo "2143"]
[WhiteTeam "Wood Green"]
[BlackTeam "Mother Continent"]
[WhiteFideId "415804"]
[BlackFideId "10000380"]
[EventDate "2025.06.14"]
[EventType "team"]

1. c4 e5 2. g3 Nf6 3. Bg2 d5 4. cxd5 Nxd5 5. Nc3 Nb6 6. Nf3 Nc6 7. O-O Be7 8. b3
g5 9. d4 exd4 10. Nb5 Bf6 11. Bb2 a6 12. Nbxd4 Nb4 13. a3 N4d5 14. e4 g4 15.
exd5 gxf3 16. Qxf3 O-O 17. Rae1 Bg7 18. Re2 Qg5 19. h3 Bd7 20. Rfe1 Rae8 21. h4
Rxe2 22. Rxe2 Qg6 23. Qe4 Re8 24. Qxg6 hxg6 25. Rxe8+ Bxe8 26. Bc3 Nd7 27. Ne2
Nc5 28. Bxg7 Kxg7 29. b4 Na4 30. d6 c6 31. Nd4 Nc3 32. Nb3 Nb5 33. Nc5 Nxd6 34.
Kf1 Kf6 35. Ke2 Ke7 36. Kd3 Bd7 37. Nxd7 Kxd7 38. a4 b6 39. g4 f5 40. h5 fxg4
41. hxg6 Nf5 42. Be4 Ng7 43. a5 bxa5 44. bxa5 Kd6 45. Ke3 1-0

[Event "FIDE World Bl Team Pool B"]
[Site "London ENG"]
[Date "2025.06.14"]
[Round "12.5"]
[White "QUICKPEN, Deborah Ebimobo-ere"]
[Black "Orlovska, Madara"]
[Result "0-1"]
[WhiteTitle "WCM"]
[WhiteElo "2081"]
[BlackElo "2059"]
[WhiteTeam "Mother Continent"]
[BlackTeam "Wood Green"]
[WhiteFideId "8511616"]
[BlackFideId "11601825"]
[EventDate "2025.06.14"]
[EventType "team"]

1. e4 c5 2. Nf3 Nc6 3. d4 cxd4 4. Nxd4 g6 5. Nxc6 bxc6 6. Qd4 Nf6 7. e5 Nd5 8.
Nc3 Nxc3 9. Qxc3 Bg7 10. Be3 O-O 11. f4 Qc7 12. Qd2 d6 13. exd6 exd6 14. O-O-O
Rb8 15. c3 Be6 16. Qxd6 Qa5 17. Bd4 Qxa2 18. Qa3 Qxa3 19. bxa3 Bxd4 20. Rxd4 Rb3
21. Ra4 Rfb8 22. Bd3 Rxc3+ 23. Kd2 Rbb3 24. Bc2 Rxa3 25. Rxa3 Rxa3 26. Rb1 Ra2
27. Kc3 Rxc2+ 28. Kxc2 Bf5+ 29. Kb2 Bxb1 30. Kxb1 Kf8 31. Kc2 Ke7 32. Kc3 Kd6
33. Kd4 c5+ 34. Kc4 a5 35. g4 a4 36. h4 f6 37. g5 f5 38. Kc3 Kd5 39. Kd3 a3 40.
Kc3 Ke4 0-1

[Event "FIDE World Bl Team Pool B"]
[Site "London ENG"]
[Date "2025.06.14"]
[Round "12.1"]
[White "Turner, Matthew J"]
[Black "Gallana, Marco"]
[Result "0-1"]
[WhiteTitle "GM"]
[WhiteElo "2441"]
[BlackElo "2215"]
[WhiteTeam "Sassy Seniors"]
[BlackTeam "Hammersmith Chess Club"]
[WhiteFideId "402893"]
[BlackFideId "824542"]
[EventDate "2025.06.14"]
[EventType "team"]

1. d4 d5 2. Nf3 e6 3. Bf4 Nf6 4. Nbd2 c5 5. c3 Bd6 6. e3 O-O 7. Bd3 Qc7 8. Bxd6
Qxd6 9. e4 dxe4 10. Nxe4 Nxe4 11. Bxe4 h6 12. O-O Nc6 13. dxc5 Qxc5 14. Qb3 e5
15. Rad1 Qe7 16. Bd5 Bg4 17. h3 Bh5 18. Rfe1 Rad8 19. Bxc6 Rxd1 20. Qxd1 bxc6
21. g4 Rd8 22. Qe2 Bg6 23. Qxe5 Qb7 24. Qe7 Rd7 25. Qe8+ Kh7 26. Nd4 c5 27. Nf5
Rd2 28. Ng3 Qxb2 29. Qe3 Rd3 30. Qxc5 Rxc3 31. Qe5 Rc2 32. Qxb2 Rxb2 33. a3 Rb3
34. Re3 Rxe3 35. fxe3 Kg8 36. Kf2 Kf8 37. Ke2 Ke7 38. Kd2 Kd6 39. Kc3 Kc5 40.
Ne2 Be4 41. h4 Bf3 42. Nf4 Bxg4 43. Nd3+ Kd6 44. Kd4 Bd7 45. Ne5 Be6 46. Nd3 g5
47. hxg5 hxg5 48. Nc5 f5 49. e4 f4 50. e5+ Ke7 51. Ke4 Bh3 0-1

[Event "FIDE World Bl Team Pool B"]
[Site "London ENG"]
[Date "2025.06.14"]
[Round "12.2"]
[White "Villiers, Thomas"]
[Black "Dishman, Stephen"]
[Result "0-1"]
[WhiteTitle "CM"]
[BlackTitle "FM"]
[WhiteElo "2158"]
[BlackElo "2274"]
[WhiteTeam "Hammersmith Chess Club"]
[BlackTeam "Sassy Seniors"]
[WhiteFideId "427209"]
[BlackFideId "403024"]
[EventDate "2025.06.14"]
[EventType "team"]

1. e4 c6 2. d4 d5 3. Nd2 dxe4 4. Nxe4 Bf5 5. Qf3 e6 6. Ne2 Nd7 7. N2g3 Bg6 8.
Bd3 Ngf6 9. O-O Nxe4 10. Nxe4 Nf6 11. c3 Nxe4 12. Bxe4 Bxe4 13. Qxe4 Qd5 14. Qg4
h5 15. Qg3 h4 16. Qc7 h3 17. gxh3 Rxh3 18. Qxb7 Rd8 19. Bf4 Bd6 20. Bg3 Qf3 21.
Bxd6 Rxd6 22. Qb8+ Ke7 23. Qc7+ Rd7 24. Qe5 Rh6 25. Rfe1 Rg6+ 26. Kf1 Qd3+ 27.
Re2 Qh3+ 28. Ke1 Rg1+ 29. Kd2 Rxa1 30. Re3 Qf1 31. Qc5+ Ke8 32. Re2 Qc1+ 33. Kd3
Qf4 34. Qxc6 Rd1+ 35. Kc2 Rc1+ 36. Kb3 Qb8+ 37. Ka3 Qb6 38. Qa4 Ke7 39. Re5 Rd5
40. Rxd5 exd5 41. h4 a6 42. b3 Rc2 43. c4 dxc4 0-1

[Event "FIDE World Bl Team Pool B"]
[Site "London ENG"]
[Date "2025.06.14"]
[Round "12.3"]
[White "Vujatovic, Rajko"]
[Black "Hill, Alistair"]
[Result "1-0"]
[WhiteElo "2222"]
[BlackElo "2178"]
[WhiteTeam "Sassy Seniors"]
[BlackTeam "Hammersmith Chess Club"]
[WhiteFideId "403393"]
[BlackFideId "432407"]
[EventDate "2025.06.14"]
[EventType "team"]

1. e4 c6 2. Nc3 d5 3. Nf3 Bg4 4. h3 Bxf3 5. Qxf3 e6 6. Be2 Nf6 7. O-O Be7 8. d4
O-O 9. Rd1 dxe4 10. Nxe4 Nxe4 11. Qxe4 Nd7 12. Be3 Nf6 13. Qf3 Qa5 14. c3 Rfd8
15. Bd3 Rd7 16. Bc2 Rad8 17. Qe2 a6 18. a4 Qc7 19. a5 c5 20. Ba4 Rd5 21. Bb3
R5d7 22. Ba4 Rd5 23. c4 Rxd4 24. Bxd4 cxd4 25. Bc2 e5 26. Be4 Rd7 27. Qd3 Nxe4
28. Qxe4 Qxc4 29. Qxe5 h6 30. Rac1 Qd5 31. Rc8+ Kh7 32. Qxd5 Rxd5 33. Rc7 Bf6
34. Rxb7 Rxa5 35. Rxf7 Rb5 36. Ra7 a5 37. Rd2 Kg6 38. Kf1 Kf5 39. Ke2 Ke4 40.
Ra6 Kd5 41. Kd3 Rb3+ 42. Kc2 Rb5 43. Ra8 Kc4 44. Rc8+ Kd5 45. Rc7 Ke5 46. Rd3
Kd5 47. Rb3 Rc5+ 48. Rxc5+ Kxc5 49. Kd3 Be5 50. Rb7 Bf6 51. g4 Be5 52. Re7 Bf6
53. Rf7 Kb4 54. Rb7+ Kc5 55. f4 Kc6 56. Ra7 Kb6 57. Rd7 Kc6 58. Rxd4 Bxd4 59.
Kxd4 Kb5 60. f5 Kb4 61. h4 Kb3 62. g5 hxg5 63. hxg5 a4 64. f6 gxf6 65. gxf6 Kxb2
66. f7 a3 67. f8=Q a2 68. Qb4+ Kc1 69. Qa3+ Kb1 70. Qb3+ Ka1 71. Qc3+ Kb1 72.
Kd3 a1=Q 73. Qc2# 1-0

[Event "FIDE World Bl Team Pool B"]
[Site "London ENG"]
[Date "2025.06.14"]
[Round "12.4"]
[White "Stewart, Ashley"]
[Black "Lishoy Gengis Paratazham, Dildarav"]
[Result "1/2-1/2"]
[WhiteElo "2093"]
[BlackElo "2084"]
[WhiteTeam "Hammersmith Chess Club"]
[BlackTeam "Sassy Seniors"]
[WhiteFideId "419001"]
[BlackFideId "491462"]
[EventDate "2025.06.14"]
[EventType "team"]

1. c4 e5 2. g3 Nc6 3. Nc3 g6 4. Bg2 Bg7 5. e3 Nge7 6. Nge2 O-O 7. O-O d6 8. b3
f5 9. f4 Be6 10. Bb2 Bf7 11. Nd5 Nxd5 12. cxd5 Ne7 13. Nc3 e4 14. d3 Nxd5 15.
Nxd5 Bxb2 16. Rb1 Bg7 17. dxe4 fxe4 18. Bxe4 c6 19. Nb4 Qe7 20. Bg2 Qxe3+ 21.
Kh1 a5 22. Nc2 Qe7 23. Re1 Qd7 24. Ne3 Qc7 25. Nc4 Rad8 26. Qd2 d5 27. Qxa5 Qxa5
28. Nxa5 Bc3 29. Nxb7 Rd7 30. Nc5 Ra7 31. Rec1 Bg7 32. a4 Rb8 33. Bh3 d4 34. Be6
Bxe6 35. Nxe6 Rab7 36. Nc5 Rb4 1/2-1/2